Bảng phân loại Thư viện - Thư mục BBK (Tập 1) /
Tập 1 gồm các nội dung sau:
Kaydedildi:
| Yazar: | |
|---|---|
| Materyal Türü: | Kitap |
| Dil: | Vietnamese |
| Baskı/Yayın Bilgisi: |
H. :
Thư viện khoa học và kỹ thuật Trung ương ,
1980
|
| Edisyon: | In lần thứ 1 |
| Konular: | |
| Etiketler: |
Etiketle
Etiket eklenmemiş, İlk siz ekleyin!
|
| Thư viện lưu trữ: | Thư viện Trường CĐ Kỹ Thuật Cao Thắng |
|---|
| LEADER | 01016nam a2200241 a 4500 | ||
|---|---|---|---|
| 001 | TVCDKTCT5708 | ||
| 003 | Thư viện trường Cao đẳng Kỹ thuật Cao Thắng | ||
| 005 | 20060712000000 | ||
| 008 | 060712 | ||
| 980 | \ | \ | |a Thư viện Trường CĐ Kỹ Thuật Cao Thắng |
| 024 | |a RG_1 #1 eb0 i1 | ||
| 041 | 0 | # | |a vie |
| 082 | # | # | |a 010.4 / |b B106PH |
| 100 | 1 | # | |a Ủy ban khoa học và kỹ thuật nhà nước |
| 245 | 0 | 0 | |a Bảng phân loại Thư viện - Thư mục BBK (Tập 1) / |c Ủy ban khoa học và kỹ thuật nhà nước |
| 250 | # | # | |a In lần thứ 1 |
| 260 | # | # | |a H. : |b Thư viện khoa học và kỹ thuật Trung ương , |c 1980 |
| 300 | # | # | |a 247tr. ; |c 24cm |
| 520 | # | # | |a Tập 1 gồm các nội dung sau: |
| 520 | # | # | |a Phần I: BBK rút gọn 3 cấp, Bảng mẫu chung, Bảng mẫu địa lý. |
| 520 | # | # | |a Phần II: Các khoa học tự nhiên |
| 650 | # | 4 | |a Thư viện |
| 650 | # | 4 | |a Bảng phân loại BBK |